000 00383nam a22001457a 4500
008 250404b |||||||| |||| 00| 0 eng d
020 _a9781466214811
050 _aPC4120.M3
_b.L36
100 _aLangston Stepanie
245 _aPharmacy spanish with complete digital audio course
260 _aGeorgia
_bHands and spanish
_c2012
300 _a79p
650 _aMedicine
942 _cBK
999 _c2852
_d2852